| 000 | 00465nam a2200169 i 4500 | ||
|---|---|---|---|
| 001 | 67983 | ||
| 003 | ES-MaACL | ||
| 005 | 20230906170201.0 | ||
| 007 | t| | ||
| 008 | 040217s1968 sp ||||1| spa d | ||
| 100 | 1 |
_aGallegos, Gerardo. _953596 |
|
| 245 | 1 | 0 |
_aTrujillo, cara y cruz de su dictadura / _cGerardo Gallegos. |
| 250 | _a1ยช ed. | ||
| 260 |
_aMadrid : _b[Iberoamericanas], _c1968. |
||
| 300 |
_a395 p. ; _c19 cm. |
||
| 852 |
_aES-MaACL _jC-51481 _bR.67008 |
||
| 999 |
_c67983 _d67983 |
||